Ecology of Digital Libraries: Exploring Energy-Efficient Algorithms

Enregistré dans:
Détails bibliographiques
Auteur principal: Plisko, Uliana (Auteur)
Autres auteurs: Dubec, Jakub (Directeur de thèse)
Format: Manuscrit Livre
Langue:slovaque
anglais
Publié: 2026
Sujets:
Accès en ligne:http://is.stuba.sk/zp/portal_zp.pl?podrobnosti=185010
Tags: Ajouter un tag
Pas de tags, Soyez le premier à ajouter un tag!

MARC

LEADER 00000ntm a22000003a 4500
001 stuzp108432
003 SK-STU
005 20260207210347.9
007 ta
008 150427s2015----xo-----f-mn---000-0-slo-d
040 |a STU  |b slo 
041 0 |a eng 
100 1 |a Plisko, Uliana  |u 070400  |4 aut  |U FIIT Fakulta informatiky a informačných technológií  |T FIIT Ústav počítačového inžinierstva a aplikovanej informatiky  |X 128348  |U I400  |Y 672  |7 128348 
242 0 1 |a Ekológia digitálnych knižníc: Preskúmanie energeticky úsporných algoritmov  |y slo 
245 1 0 |a Ecology of Digital Libraries: Exploring Energy-Efficient Algorithms 
260 |c 2026 
650 4 |a zelená energia  |2 slo 
650 4 |a edge computing  |2 slo 
650 4 |a HTTP kompresia  |2 slo 
650 4 |a digitálne knižnice  |2 slo 
650 4 |a green energy  |2 eng 
650 4 |a content delivery networks  |2 eng 
650 4 |a edge computing  |2 eng 
650 4 |a HTTP compression  |2 eng 
650 4 |a digital libraries  |2 eng 
700 1 |a Dubec, Jakub  |u 070400  |k Z3  |4 ths  |U FIIT Fakulta informatiky a informačných technológií  |T FIIT Ústav počítačového inžinierstva a aplikovanej informatiky  |X 73714  |U I400  |Y 672  |7 73714 
856 4 |u http://is.stuba.sk/zp/portal_zp.pl?podrobnosti=185010